000 00471nam a2200181 a 4500
005 20210219152934.0
008 991125n 000 0 eng u
035 _aUPN01000067853
100 _aMcRobbie, C. J.
222 _aSCIENCE EDUCATION
245 _aCognitive styles and cognitive structure
300 _a231-242
362 _a1991 75, no. 2
653 0 _aEDUCACION CIENTIFICA
653 0 _aPROCESOS COGNITIVOS
904 _aAC
_b005664
905 _aArticulo
999 _c64225
_d64225